Catálogo
 En Linea

Comentarios a la ley de la lectura, del libro y de las bibliotecas (ley 10/2007, de 22 de junio) / (Registro nro. 1636)

Detalles MARC
000 -CABECERA
campo de control de longitud fija 01014nam a2200265 a 4500
001 - NÚMERO DE CONTROL
campo de control 000001759
005 - FECHA Y HORA DE LA ÚLTIMA TRANSACCIÓN
campo de control 20200929145705.0
008 - DATOS DE LONGITUD FIJA--INFORMACIÓN GENERAL
campo de control de longitud fija 090626s2008 sp 001 0 spa d
020 ## - NÚMERO INTERNACIONAL ESTÁNDAR DEL LIBRO
Número Internacional Estándar del Libro 9788498900019
040 ## - FUENTE DE LA CATALOGACIÓN
Centro catalogador/agencia de origen DO-SdBNP
245 00 - MENCIÓN DE TÍTULO
Título Comentarios a la ley de la lectura, del libro y de las bibliotecas (ley 10/2007, de 22 de junio) /
Mención de responsabilidad, etc. Dirección y estudio preliminar Santiago Muñoz Machado...[et al.].
260 ## - PUBLICACIÓN, DISTRIBUCIÓN, ETC.
Lugar de publicación, distribución, etc. Madrid :
Nombre del editor, distribuidor, etc. Iustel,
Fecha de publicación, distribución, etc. 2008.
300 ## - DESCRIPCIÓN FÍSICA
Extensión 473 p. ;
Dimensiones 24 cm.
500 ## - NOTA GENERAL
Nota general Incluye índice
500 ## - NOTA GENERAL
Nota general Incluye notas al pie de páginas
700 1# - PUNTO DE ACCESO ADICIONAL--NOMBRE DE PERSONA
Nombre de persona Baño León, José maría
9 (RLIN) 5718
700 1# - PUNTO DE ACCESO ADICIONAL--NOMBRE DE PERSONA
Nombre de persona Boix Palop, Andrés
9 (RLIN) 5719
700 1# - PUNTO DE ACCESO ADICIONAL--NOMBRE DE PERSONA
Nombre de persona Descalzo González, Antonio
9 (RLIN) 5720
700 1# - PUNTO DE ACCESO ADICIONAL--NOMBRE DE PERSONA
Nombre de persona Fernández Farreres, Germán
9 (RLIN) 5721
700 1# - PUNTO DE ACCESO ADICIONAL--NOMBRE DE PERSONA
Nombre de persona García Fernádez, Javier
9 (RLIN) 5722
700 1# - PUNTO DE ACCESO ADICIONAL--NOMBRE DE PERSONA
Nombre de persona Izquierdo Carrasco, Manuel
9 (RLIN) 5723
700 1# - PUNTO DE ACCESO ADICIONAL--NOMBRE DE PERSONA
Nombre de persona Martínez Rivero, Alvaro
9 (RLIN) 5724
700 1# - PUNTO DE ACCESO ADICIONAL--NOMBRE DE PERSONA
Nombre de persona Mestre Delgado, Juan Francisco Prieto de Pedro, Jesús
9 (RLIN) 5725
700 1# - PUNTO DE ACCESO ADICIONAL--NOMBRE DE PERSONA
Nombre de persona Ureña Salcedo, Juan Antonio
9 (RLIN) 5726
Existencias
Estado de retiro Estado de pérdida Restricciones de uso No para préstamo Código de colección Localización permanente Ubicación/localización actual Ubicación en estantería Fecha de adquisición Número de inventario Total de préstamos Signatura topográfica completa Código de barras Fecha visto por última vez Precio válido a partir de Tipo de ítem Koha
        Monografías: Libros y Folletos General General Orden iniciada 26.06.2009 LF1   1759-10 25.06.2020 25.06.2020 No se presta

Con tecnología Koha